000 00331nam a22001457a 4500
003 OSt
005 20160727222408.0
008 160624b xxu||||| |||| 00| 0 eng d
040 _cTest
100 _9908
_aHamilton, D
245 _aThe Eagle
260 _aPennsylvania
_b Herald Press.
_c1974
300 _aThe Eagle
942 _2ddc
_cBK
999 _c720
_d720